[Event "English Open Championship 2024"]
[Site "Holiday Inn, 212 Abbey End, Kenilworth CV8 1ED, United Kingdom"]
[Date "2024.06.20"]
[Round "2.28"]
[White "Zhu, Pengxiao"]
[Black "Gordon, Sean"]
[Result "1-0"]
[TimeControl "G90 + 30secs/move"]
[WhiteFideId "499307"]
[BlackFideId "498793"]
[WhiteElo "2033"]
[BlackElo "1964"]

1. d4 {[%clk 01:30:57]} {[%emt 00:00:02]} Nf6 {[%clk 01:30:54]} {[%emt
00:00:06]} 2. c4 {[%clk 01:31:17]} {[%emt 00:00:11]} g6 {[%clk 01:31:14]}
{[%emt 00:00:10]} 3. Nc3 {[%clk 01:31:39]} {[%emt 00:00:08]} d5 {[%clk
01:31:39]} {[%emt 00:00:05]} 4. cxd5 {[%clk 01:31:44]} {[%emt 00:00:25]} Nxd5
{[%clk 01:32:04]} {[%emt 00:00:05]} 5. e4 {[%clk 01:32:00]} {[%emt 00:00:14]}
Nxc3 {[%clk 01:32:29]} {[%emt 00:00:05]} 6. bxc3 {[%clk 01:32:24]} {[%emt
00:00:05]} Bg7 {[%clk 01:32:56]} {[%emt 00:00:03]} 7. Bc4 {[%clk 01:32:31]}
{[%emt 00:00:23]} c5 {[%clk 01:32:41]} {[%emt 00:00:45]} 8. Ne2 {[%clk
01:32:39]} {[%emt 00:00:22]} O-O {[%clk 01:32:35]} {[%emt 00:00:37]} 9. O-O
{[%clk 01:32:49]} {[%emt 00:00:19]} Nc6 {[%clk 01:32:49]} {[%emt 00:00:17]} 10.
Be3 {[%clk 01:32:56]} {[%emt 00:00:23]} b6 {[%clk 01:31:45]} {[%emt 00:01:34]}
11. Qd2 {[%clk 01:18:32]} {[%emt 00:14:54]} Bb7 {[%clk 01:27:03]} {[%emt
00:05:12]} 12. f4 {[%clk 01:17:14]} {[%emt 00:01:46]} Na5 {[%clk 01:19:01]}
{[%emt 00:08:34]} 13. Bd3 {[%clk 01:15:43]} {[%emt 00:02:00]} f5 {[%clk
01:16:11]} {[%emt 00:03:20]} 14. exf5 {[%clk 01:10:22]} {[%emt 00:05:51]} Qd5
{[%clk 01:13:15]} {[%emt 00:03:26]} 15. Rf2 {[%clk 00:56:18]} {[%emt 00:14:34]}
gxf5 {[%clk 01:11:40]} {[%emt 00:02:05]} 16. Rd1 {[%clk 00:47:28]} {[%emt
00:09:20]} c4 {[%clk 01:03:16]} {[%emt 00:08:54]} 17. Bc2 {[%clk 00:46:30]}
{[%emt 00:01:28]} Bc6 {[%clk 01:02:27]} {[%emt 00:01:19]} 18. Ng3 {[%clk
00:44:00]} {[%emt 00:03:00]} e6 {[%clk 00:58:28]} {[%emt 00:04:30]} 19. Nh5
{[%clk 00:42:51]} {[%emt 00:01:39]} Bh8 {[%clk 00:58:10]} {[%emt 00:00:48]} 20.
Rf3 {[%clk 00:42:30]} {[%emt 00:00:51]} Kf7 {[%clk 00:57:48]} {[%emt 00:00:51]}
21. Rh3 {[%clk 00:37:13]} {[%emt 00:05:47]} Rg8 {[%clk 00:57:06]} {[%emt
00:01:12]} 22. Ng3 {[%clk 00:37:25]} {[%emt 00:00:18]} Rg7 {[%clk 00:53:02]}
{[%emt 00:04:34]} 23. Qe2 {[%clk 00:36:11]} {[%emt 00:01:44]} Kg8 {[%clk
00:52:32]} {[%emt 00:01:00]} 24. Rd2 {[%clk 00:35:52]} {[%emt 00:00:49]} Nb7
{[%clk 00:46:57]} {[%emt 00:06:05]} 25. Qh5 {[%clk 00:33:36]} {[%emt 00:02:46]}
Rf8 {[%clk 00:45:44]} {[%emt 00:01:42]} 26. Bd1 {[%clk 00:30:45]} {[%emt
00:03:21]} Be8 {[%clk 00:40:58]} {[%emt 00:05:17]} 27. Qh4 {[%clk 00:29:26]}
{[%emt 00:01:50]} Qd7 {[%clk 00:38:16]} {[%emt 00:03:11]} 28. Bf3 {[%clk
00:28:17]} {[%emt 00:01:39]} Rg6 {[%clk 00:34:49]} {[%emt 00:03:57]} 29. Nh5
{[%clk 00:26:21]} {[%emt 00:02:26]} Nd6 {[%clk 00:33:10]} {[%emt 00:02:09]} 30.
d5 {[%clk 00:25:35]} {[%emt 00:01:17]} e5 {[%clk 00:30:30]} {[%emt 00:03:09]}
31. fxe5 {[%clk 00:25:20]} {[%emt 00:00:45]} Bxe5 {[%clk 00:30:13]} {[%emt
00:00:48]} 32. Bd4 {[%clk 00:24:42]} {[%emt 00:01:07]} Bxd4+ {[%clk 00:28:23]}
{[%emt 00:02:20]} 33. Qxd4 {[%clk 00:24:49]} {[%emt 00:00:23]} f4 {[%clk
00:24:48]} {[%emt 00:04:06]} 34. Kf2 {[%clk 00:20:05]} {[%emt 00:05:12]} Rh6
{[%clk 00:19:58]} {[%emt 00:05:21]} 35. Nxf4 {[%clk 00:18:06]} {[%emt
00:02:29]} Rxh3 {[%clk 00:19:48]} {[%emt 00:00:40]} 36. Nxh3 {[%clk 00:18:11]}
{[%emt 00:00:25]} Qf5 {[%clk 00:18:25]} {[%emt 00:01:53]} 37. Re2 {[%clk
00:17:19]} {[%emt 00:01:20]} Bg6 {[%clk 00:17:50]} {[%emt 00:01:07]} 38. Ke1
{[%clk 00:11:44]} {[%emt 00:06:05]} Nb5 {[%clk 00:14:19]} {[%emt 00:04:00]} 39.
Qxc4 {[%clk 00:11:12]} {[%emt 00:01:03]} Qb1+ {[%clk 00:14:36]} {[%emt
00:00:14]} 40. Kf2 {[%clk 00:11:30]} {[%emt 00:00:11]} Bd3 {[%clk 00:13:42]}
{[%emt 00:01:24]} 41. Qg4+ {[%clk 00:11:43]} {[%emt 00:00:18]} Kh8 {[%clk
00:14:03]} {[%emt 00:00:08]} 42. Re7 {[%clk 00:10:42]} {[%emt 00:01:30]} Qf1+
{[%clk 00:10:57]} {[%emt 00:03:37]} 43. Kg3 {[%clk 00:10:55]} {[%emt 00:00:16]}
Bg6 {[%clk 00:07:02]} {[%emt 00:04:25]} 44. c4 {[%clk 00:10:43]} {[%emt
00:00:43]} Rg8 {[%clk 00:04:08]} {[%emt 00:03:24]} 45. Ng5 {[%clk 00:10:40]}
{[%emt 00:00:33]} Qa1 {[%clk 00:02:24]} {[%emt 00:02:14]} 46. Rxh7+ {[%clk
00:10:54]} {[%emt 00:00:17]} Bxh7 {[%clk 00:02:44]} {[%emt 00:00:10]} 47. Nf7#
{[%clk 00:10:50]} {[%emt 00:00:03]} 1-0

[Event "English Open Championship 2024"]
[Site "Holiday Inn, 212 Abbey End, Kenilworth CV8 1ED, United Kingdom"]
[Date "2024.06.20"]
[Round "2.29"]
[White "Green, Michael"]
[Black "Burrows, Martin P"]
[Result "1/2-1/2"]
[TimeControl "G90 + 30secs/move"]
[WhiteFideId "437514"]
[BlackFideId "409057"]
[WhiteElo "1961"]
[BlackElo "2019"]

1. c3 {[%clk 01:30:57]} {[%emt 00:00:03]} Nf6 {[%clk 01:29:57]} {[%emt
00:01:05]} 2. d4 {[%clk 01:31:14]} {[%emt 00:00:12]} e6 {[%clk 01:29:13]}
{[%emt 00:01:14]} 3. Bf4 {[%clk 01:31:05]} {[%emt 00:00:38]} b6 {[%clk
01:28:14]} {[%emt 00:01:30]} 4. e3 {[%clk 01:31:07]} {[%emt 00:00:27]} Bb7
{[%clk 01:28:34]} {[%emt 00:00:11]} 5. Nd2 {[%clk 01:30:08]} {[%emt 00:01:29]}
Be7 {[%clk 01:28:04]} {[%emt 00:01:00]} 6. h3 {[%clk 01:29:45]} {[%emt
00:00:53]} O-O {[%clk 01:28:23]} {[%emt 00:00:11]} 7. Ngf3 {[%clk 01:29:53]}
{[%emt 00:00:22]} c5 {[%clk 01:28:36]} {[%emt 00:00:17]} 8. Be2 {[%clk
01:29:31]} {[%emt 00:00:52]} cxd4 {[%clk 01:28:28]} {[%emt 00:00:38]} 9. cxd4
{[%clk 01:25:48]} {[%emt 00:04:13]} Nc6 {[%clk 01:27:41]} {[%emt 00:01:17]} 10.
O-O {[%clk 01:25:45]} {[%emt 00:00:33]} Rc8 {[%clk 01:26:13]} {[%emt 00:01:59]}
11. Rc1 {[%clk 01:24:25]} {[%emt 00:01:49]} d6 {[%clk 01:09:11]} {[%emt
00:17:32]} 12. Re1 {[%clk 01:21:23]} {[%emt 00:03:31]} Re8 {[%clk 01:08:19]}
{[%emt 00:01:22]} 13. Bf1 {[%clk 01:19:53]} {[%emt 00:02:00]} Bf8 {[%clk
01:08:10]} {[%emt 00:00:40]} 14. Bh2 {[%clk 01:19:45]} {[%emt 00:00:38]} Rc7
{[%clk 01:02:51]} {[%emt 00:05:48]} 15. Qc2 {[%clk 01:19:06]} {[%emt 00:01:08]}
Qa8 {[%clk 00:58:03]} {[%emt 00:05:19]} 16. Qb1 {[%clk 01:18:37]} {[%emt
00:00:59]} Rcc8 {[%clk 00:53:30]} {[%emt 00:05:04]} 17. Red1 {[%clk 01:09:47]}
{[%emt 00:09:20]} h6 {[%clk 00:52:52]} {[%emt 00:01:08]} 18. Nc4 {[%clk
01:04:50]} {[%emt 00:05:27]} Red8 {[%clk 00:52:30]} {[%emt 00:00:52]} 19. Nfd2
{[%clk 01:03:57]} {[%emt 00:01:23]} b5 {[%clk 00:51:16]} {[%emt 00:01:44]} 20.
Na3 {[%clk 01:03:48]} {[%emt 00:00:39]} a6 {[%clk 00:51:09]} {[%emt 00:00:37]}
21. Nc2 {[%clk 01:02:09]} {[%emt 00:02:09]} Ne7 {[%clk 00:47:26]} {[%emt
00:04:13]} 22. Ne1 {[%clk 01:01:26]} {[%emt 00:01:12]} Nf5 {[%clk 00:39:38]}
{[%emt 00:08:19]} 23. Rxc8 {[%clk 01:00:29]} {[%emt 00:01:27]} Rxc8 {[%clk
00:39:22]} {[%emt 00:00:46]} 24. Rc1 {[%clk 00:59:56]} {[%emt 00:01:02]} g6
{[%clk 00:36:22]} {[%emt 00:03:31]} 1/2-1/2

[Event "English Open Championship 2024"]
[Site "Holiday Inn, 212 Abbey End, Kenilworth CV8 1ED, United Kingdom"]
[Date "2024.06.20"]
[Round "2.30"]
[White "Fellowes, Billy"]
[Black "Patel, Keatan"]
[Result "1-0"]
[TimeControl "G90 + 30secs/move"]
[WhiteFideId "483540"]
[BlackFideId "477613"]
[WhiteElo "2019"]
[BlackElo "1848"]

1. g3 {[%clk 01:30:58]} {[%emt 00:00:01]} d5 {[%clk 01:30:37]} {[%emt
00:00:24]} 2. Bg2 {[%clk 01:31:22]} {[%emt 00:00:06]} Nf6 {[%clk 01:30:58]}
{[%emt 00:00:09]} 3. Nf3 {[%clk 01:31:31]} {[%emt 00:00:20]} c5 {[%clk
01:31:15]} {[%emt 00:00:14]} 4. O-O {[%clk 01:31:55]} {[%emt 00:00:05]} Nc6
{[%clk 01:31:36]} {[%emt 00:00:09]} 5. d3 {[%clk 01:32:18]} {[%emt 00:00:08]}
e5 {[%clk 01:31:00]} {[%emt 00:01:05]} 6. Nbd2 {[%clk 01:30:41]} {[%emt
00:02:07]} Be7 {[%clk 01:29:08]} {[%emt 00:02:23]} 7. e4 {[%clk 01:31:06]}
{[%emt 00:00:04]} d4 {[%clk 01:29:02]} {[%emt 00:00:36]} 8. Re1 {[%clk
01:30:43]} {[%emt 00:00:53]} O-O {[%clk 01:28:36]} {[%emt 00:00:57]} 9. h3
{[%clk 01:31:07]} {[%emt 00:00:04]} h6 {[%clk 01:23:33]} {[%emt 00:05:35]} 10.
a4 {[%clk 01:24:57]} {[%emt 00:06:40]} Be6 {[%clk 01:21:04]} {[%emt 00:02:59]}
11. Nf1 {[%clk 01:22:56]} {[%emt 00:02:31]} a6 {[%clk 01:10:53]} {[%emt
00:10:42]} 12. g4 {[%clk 01:18:00]} {[%emt 00:05:25]} Qc7 {[%clk 00:53:54]}
{[%emt 00:17:30]} 13. Ng3 {[%clk 01:09:17]} {[%emt 00:09:12]} b5 {[%clk
00:49:59]} {[%emt 00:04:24]} 14. Nf5 {[%clk 00:57:18]} {[%emt 00:12:28]} c4
{[%clk 00:43:38]} {[%emt 00:06:52]} 15. N3h4 {[%clk 00:48:22]} {[%emt
00:09:25]} Rfc8 {[%clk 00:36:31]} {[%emt 00:07:38]} 16. Nxe7+ {[%clk 00:39:19]}
{[%emt 00:09:33]} Qxe7 {[%clk 00:29:16]} {[%emt 00:07:46]} 17. g5 {[%clk
00:38:57]} {[%emt 00:00:51]} hxg5 {[%clk 00:27:53]} {[%emt 00:01:54]} 18. Bxg5
{[%clk 00:38:54]} {[%emt 00:00:32]} cxd3 {[%clk 00:25:56]} {[%emt 00:02:27]} 19.
cxd3 {[%clk 00:35:03]} {[%emt 00:04:20]} Nb4 {[%clk 00:23:28]} {[%emt
00:03:00]} 20. Re2 {[%clk 00:35:03]} {[%emt 00:00:30]} Bd7 {[%clk 00:19:15]}
{[%emt 00:04:43]} 21. f4 {[%clk 00:28:29]} {[%emt 00:07:03]} Qc5 {[%clk
00:12:00]} {[%emt 00:07:46]} 22. Nf5 {[%clk 00:21:38]} {[%emt 00:07:21]} exf4
{[%clk 00:10:29]} {[%emt 00:02:02]} 23. Bxf6 {[%clk 00:20:59]} {[%emt
00:01:08]} gxf6 {[%clk 00:10:22]} {[%emt 00:00:37]} 24. Qd2 {[%clk 00:17:43]}
{[%emt 00:03:46]} Bxf5 {[%clk 00:07:17]} {[%emt 00:03:34]} 25. exf5 {[%clk
00:18:04]} {[%emt 00:00:09]} Ra7 {[%clk 00:07:10]} {[%emt 00:00:37]} 26. Qxf4
{[%clk 00:15:56]} {[%emt 00:02:39]} bxa4 {[%clk 00:05:29]} {[%emt 00:02:11]} 27.
Be4 {[%clk 00:14:55]} {[%emt 00:01:30]} Qc7 {[%clk 00:00:44]} {[%emt 00:05:17]}
28. Qh6 {[%clk 00:14:52]} {[%emt 00:00:32]} 1-0

[Event "English Open Championship 2024"]
[Site "Holiday Inn, 212 Abbey End, Kenilworth CV8 1ED, United Kingdom"]
[Date "2024.06.20"]
[Round "2.31"]
[White "Ali, Golam S"]
[Black "Varley, Joe"]
[Result "0-1"]
[TimeControl "G90 + 30secs/move"]
[WhiteFideId "414646"]
[BlackFideId "461962"]
[WhiteElo "1877"]
[BlackElo "1948"]

1. d4 {[%clk 01:30:48]} {[%emt 00:00:12]} Nf6 {[%clk 01:30:30]} {[%emt
00:00:30]} 2. Nf3 {[%clk 01:31:08]} {[%emt 00:00:10]} g6 {[%clk 01:30:50]}
{[%emt 00:00:10]} 3. e3 {[%clk 01:31:30]} {[%emt 00:00:08]} d5 {[%clk
01:30:16]} {[%emt 00:01:04]} 4. Bd3 {[%clk 01:31:46]} {[%emt 00:00:14]} Bg7
{[%clk 01:30:36]} {[%emt 00:00:09]} 5. Nbd2 {[%clk 01:32:04]} {[%emt 00:00:12]}
O-O {[%clk 01:30:50]} {[%emt 00:00:16]} 6. c3 {[%clk 01:32:13]} {[%emt
00:00:21]} b6 {[%clk 01:29:20]} {[%emt 00:02:01]} 7. O-O {[%clk 01:32:30]}
{[%emt 00:00:13]} c5 {[%clk 01:28:50]} {[%emt 00:00:59]} 8. Re1 {[%clk
01:32:15]} {[%emt 00:00:45]} Bb7 {[%clk 01:27:41]} {[%emt 00:01:39]} 9. Qe2
{[%clk 01:31:54]} {[%emt 00:00:51]} Ne4 {[%clk 01:20:33]} {[%emt 00:07:39]} 10.
Bxe4 {[%clk 01:26:40]} {[%emt 00:05:44]} dxe4 {[%clk 01:19:47]} {[%emt
00:01:16]} 11. Ng5 {[%clk 01:26:13]} {[%emt 00:00:57]} e5 {[%clk 01:18:31]}
{[%emt 00:01:46]} 12. Ngxe4 {[%clk 01:19:17]} {[%emt 00:07:25]} exd4 {[%clk
01:18:41]} {[%emt 00:00:20]} 13. exd4 {[%clk 01:19:11]} {[%emt 00:00:36]} cxd4
{[%clk 01:15:40]} {[%emt 00:03:32]} 14. c4 {[%clk 01:10:08]} {[%emt 00:09:33]}
Na6 {[%clk 01:11:24]} {[%emt 00:04:46]} 15. a3 {[%clk 01:09:43]} {[%emt
00:00:56]} Re8 {[%clk 01:11:08]} {[%emt 00:00:44]} 16. Qf1 {[%clk 01:07:35]}
{[%emt 00:02:38]} Qe7 {[%clk 01:09:33]} {[%emt 00:02:05]} 17. Re2 {[%clk
00:57:23]} {[%emt 00:10:42]} d3 {[%clk 01:06:21]} {[%emt 00:03:43]} 18. Re3
{[%clk 00:55:24]} {[%emt 00:02:28]} Bh6 {[%clk 01:06:44]} {[%emt 00:00:06]} 19.
f4 {[%clk 00:55:12]} {[%emt 00:00:44]} f5 {[%clk 01:06:43]} {[%emt 00:00:30]}
20. Rh3 {[%clk 00:50:14]} {[%emt 00:05:27]} fxe4 {[%clk 01:06:49]} {[%emt
00:00:24]} 21. Rxh6 {[%clk 00:49:58]} {[%emt 00:00:47]} e3 {[%clk 01:03:22]}
{[%emt 00:03:58]} 22. Nb3 {[%clk 00:45:28]} {[%emt 00:05:00]} Nc5 {[%clk
01:01:56]} {[%emt 00:01:55]} 23. Nxc5 {[%clk 00:36:45]} {[%emt 00:09:13]} Qxc5
{[%clk 01:02:09]} {[%emt 00:00:17]} 24. b4 {[%clk 00:36:58]} {[%emt 00:00:17]}
Qd4 {[%clk 01:02:04]} {[%emt 00:00:35]} 25. Bxe3 {[%emt 00:02:07]} Rxe3 {[%clk
01:02:10]} {[%emt 00:00:21]} 26. Kh1 {[%clk 00:35:16]} {[%emt 00:00:39]} Qxa1
{[%clk 01:01:02]} {[%emt 00:01:37]} 27. Qxa1 {[%clk 00:34:45]} {[%emt
00:01:01]} d2 {[%clk 01:01:25]} {[%emt 00:00:06]} 0-1

[Event "English Open Championship 2024"]
[Site "Holiday Inn, 212 Abbey End, Kenilworth CV8 1ED, United Kingdom"]
[Date "2024.06.20"]
[Round "2.32"]
[White "Zakarian, Dimitrios Levon"]
[Black "Quraishi, Shahab U A"]
[Result "1/2-1/2"]
[TimeControl "G90 + 30secs/move"]
[WhiteFideId "453080"]
[BlackFideId "455199"]
[WhiteElo "1966"]
[BlackElo "1898"]

1. d4 {[%clk 01:30:58]} {[%emt 00:00:02]} Nf6 {[%clk 01:30:59]} {[%emt
00:00:02]} 2. c4 {[%clk 01:31:19]} {[%emt 00:00:08]} e5 {[%clk 01:31:16]}
{[%emt 00:00:13]} 3. dxe5 {[%clk 01:31:41]} {[%emt 00:00:08]} Ng4 {[%clk
01:31:31]} {[%emt 00:00:15]} 4. Nf3 {[%clk 01:32:03]} {[%emt 00:00:08]} d6
{[%clk 01:31:56]} {[%emt 00:00:06]} 5. Bf4 {[%clk 01:30:43]} {[%emt 00:01:50]}
Nc6 {[%clk 01:32:04]} {[%emt 00:00:22]} 6. exd6 {[%clk 01:30:39]} {[%emt
00:00:33]} Qf6 {[%clk 01:31:08]} {[%emt 00:01:26]} 7. Qd2 {[%clk 01:28:47]}
{[%emt 00:02:22]} cxd6 {[%clk 01:25:39]} {[%emt 00:05:59]} 8. e3 {[%clk
01:27:41]} {[%emt 00:01:37]} Nge5 {[%clk 01:24:02]} {[%emt 00:02:06]} 9. Be2
{[%clk 01:26:04]} {[%emt 00:02:07]} Be6 {[%clk 01:24:19]} {[%emt 00:00:13]} 10.
O-O {[%clk 01:24:21]} {[%emt 00:02:13]} Nxc4 {[%clk 01:19:38]} {[%emt
00:05:11]} 11. Bxc4 {[%clk 01:23:50]} {[%emt 00:01:02]} Bxc4 {[%clk 01:20:06]}
12. Rc1 {[%clk 01:24:06]} {[%emt 00:00:14]} Be6 {[%clk 01:18:47]} {[%emt
00:01:48]} 13. Nc3 {[%clk 01:23:32]} {[%emt 00:01:05]} h6 {[%emt 00:10:36]} 14.
Ne4 {[%clk 01:17:29]} Qg6 {[%clk 01:15:26]} {[%emt 00:00:17]} 15. Nxd6+ {[%clk
01:17:43]} {[%emt 00:00:16]} Bxd6 {[%clk 01:15:41]} {[%emt 00:00:15]} 16. Qxd6
{[%clk 01:17:56]} {[%emt 00:00:18]} Rd8 {[%clk 01:15:04]} {[%emt 00:01:08]} 17.
Qa3 {[%clk 01:12:20]} {[%emt 00:06:05]} Bd5 {[%clk 01:13:46]} {[%emt 00:01:47]}
18. e4 {[%clk 01:09:27]} {[%emt 00:03:24]} Bxe4 {[%clk 01:11:30]} {[%emt
00:02:46]} 19. Re1 {[%clk 01:08:33]} {[%emt 00:01:24]} f5 {[%clk 01:11:59]}
{[%emt 00:00:02]} 20. Bg3 {[%clk 00:59:20]} {[%emt 00:09:42]} Qe6 {[%clk
01:06:49]} {[%emt 00:05:40]} 21. Nh4 {[%clk 00:52:27]} {[%emt 00:07:22]} g5
{[%clk 01:07:01]} {[%emt 00:00:19]} 22. Nxf5 {[%clk 00:52:24]} {[%emt
00:00:33]} Qxf5 {[%clk 01:06:47]} {[%emt 00:00:44]} 23. f3 {[%clk 00:52:44]}
{[%emt 00:00:10]} Kf7 {[%clk 01:04:02]} {[%emt 00:03:15]} 24. fxe4 {[%clk
00:52:14]} {[%emt 00:01:00]} Qe6 {[%clk 01:04:02]} {[%emt 00:00:29]} 25. Rf1+
{[%clk 00:50:50]} {[%emt 00:01:55]} Kg7 {[%clk 01:01:09]} {[%emt 00:03:22]} 26.
Qc3+ {[%clk 00:50:37]} {[%emt 00:00:44]} Kg6 {[%clk 01:00:11]} {[%emt
00:01:29]} 27. Rf5 {[%clk 00:43:58]} {[%emt 00:07:08]} Nd4 {[%clk 00:54:51]}
{[%emt 00:05:50]} 28. Rf2 {[%clk 00:34:52]} {[%emt 00:09:36]} Rhf8 {[%emt
00:02:15]} 29. Re1 {[%clk 00:34:04]} Qb6 {[%clk 00:50:15]} {[%emt 00:04:38]} 30.
h4 {[%clk 00:25:30]} {[%emt 00:09:05]} Ne6 {[%clk 00:48:40]} {[%emt 00:02:04]}
31. Ref1 {[%clk 00:22:09]} {[%emt 00:03:52]} Nf4 {[%clk 00:47:31]} {[%emt
00:01:38]} 32. Qb3 {[%clk 00:18:01]} {[%emt 00:04:39]} Ne2+ {[%clk 00:37:53]}
{[%emt 00:10:07]} 33. Kh2 {[%clk 00:18:21]} {[%emt 00:00:10]} Qxb3 {[%clk
00:38:05]} {[%emt 00:00:19]} 34. axb3 {[%clk 00:18:46]} {[%emt 00:00:06]} Nxg3
{[%clk 00:37:42]} {[%emt 00:00:52]} 35. Kxg3 {[%clk 00:18:47]} {[%emt
00:00:29]} Rxf2 {[%clk 00:37:33]} {[%emt 00:00:39]} 36. Rxf2 {[%clk 00:19:11]}
{[%emt 00:00:06]} Rd3+ {[%clk 00:37:39]} {[%emt 00:00:24]} 37. Rf3 {[%clk
00:18:59]} {[%emt 00:00:43]} Rd2 {[%clk 00:38:06]} {[%emt 00:00:02]} 38. hxg5
{[%clk 00:18:34]} {[%emt 00:00:54]} Kxg5 {[%clk 00:37:33]} {[%emt 00:01:04]} 39.
Re3 {[%clk 00:16:34]} {[%emt 00:02:30]} Kf6 {[%clk 00:37:09]} {[%emt 00:00:54]}
40. e5+ {[%clk 00:12:48]} {[%emt 00:04:16]} Ke6 {[%clk 00:37:31]} {[%emt
00:00:07]} 41. Kf3 {[%clk 00:12:49]} {[%emt 00:00:29]} Rxb2 {[%clk 00:37:20]}
{[%emt 00:00:41]} 42. g3 {[%clk 00:13:08]} {[%emt 00:00:11]} b5 {[%clk
00:36:48]} {[%emt 00:01:03]} 43. Ke4 {[%clk 00:12:26]} {[%emt 00:01:12]} a5
{[%emt 00:03:12]} 44. Rc3 {[%clk 00:10:16]} b4 {[%clk 00:25:14]} {[%emt
00:12:03]} 45. Rc6+ {[%clk 00:09:48]} {[%emt 00:00:57]} Kd7 {[%clk 00:25:18]}
{[%emt 00:00:26]} 46. Ra6 {[%clk 00:06:24]} {[%emt 00:03:54]} Rxb3 {[%clk
00:25:45]} {[%emt 00:00:03]} 47. Rxa5 {[%clk 00:06:51]} {[%emt 00:00:03]} Rxg3
{[%clk 00:25:53]} {[%emt 00:00:22]} 48. Ra6 {[%clk 00:07:09]} {[%emt 00:00:12]}
h5 {[%clk 00:25:02]} {[%emt 00:01:20]} 49. Rh6 {[%clk 00:06:58]} {[%emt
00:00:41]} Rh3 {[%clk 00:23:32]} {[%emt 00:02:00]} 50. Kd5 {[%clk 00:06:58]}
{[%emt 00:00:31]} b3 {[%clk 00:22:35]} {[%emt 00:01:26]} 51. Rb6 {[%clk
00:05:27]} {[%emt 00:02:02]} h4 {[%clk 00:18:05]} {[%emt 00:03:26]} 52. e6+
{[%clk 00:05:51]} {[%emt 00:01:39]} Kd8 {[%clk 00:18:20]} {[%emt 00:00:16]} 53.
Rb8+ {[%clk 00:05:54]} {[%emt 00:00:27]} Ke7 {[%clk 00:17:33]} {[%emt
00:01:16]} 54. Rb7+ {[%clk 00:06:18]} {[%emt 00:00:07]} Kf6 {[%clk 00:17:17]}
{[%emt 00:00:46]} 55. Rf7+ {[%clk 00:06:10]} {[%emt 00:00:38]} Kg6 {[%clk
00:17:45]} {[%emt 00:00:02]} 56. Rf2 {[%clk 00:06:29]} {[%emt 00:00:11]} Re3
{[%clk 00:17:58]} {[%emt 00:00:16]} 57. Kd6 {[%clk 00:06:52]} {[%emt 00:00:08]}
Kg5 {[%clk 00:14:22]} {[%emt 00:04:06]} 58. e7 {[%clk 00:05:59]} {[%emt
00:01:23]} Kg4 {[%clk 00:10:29]} {[%emt 00:04:22]} 59. Kd7 {[%clk 00:05:46]}
{[%emt 00:00:44]} Rd3+ {[%clk 00:09:25]} {[%emt 00:01:34]} 60. Kc7 {[%clk
00:05:34]} {[%emt 00:00:41]} Re3 {[%clk 00:08:56]} {[%emt 00:00:59]} 61. Kd7
{[%clk 00:06:00]} {[%emt 00:00:05]} Rd3+ {[%clk 00:05:28]} {[%emt 00:03:58]} 62.
Kc7 {[%clk 00:06:24]} {[%emt 00:00:06]} Re3 {[%clk 00:05:55]} {[%emt 00:00:02]}
1/2-1/2